| 000 | 00386nam a2200145Ia 4500 | ||
|---|---|---|---|
| 008 | 240624s9999 xx 000 0 und d | ||
| 041 | _aeng | ||
| 082 | _a004.22 STA | ||
| 100 | _aSTALLINGS WILLIAM | ||
| 245 | _aCOMPUTER ORGANIZATION AND ARCHITECTURE DESIGNING FOR PERFO | ||
| 250 | _a(8th ed.) | ||
| 260 |
_c2003 _aNew Delhi _bPearson Education |
||
| 300 | _axix, , 815 | ||
| 365 | _cRS | ||
| 999 |
_c1563 _d1563 |
||